| 000 | 00370nam a2200157Ia 4500 | ||
|---|---|---|---|
| 003 | Ost | ||
| 005 | 20260225132537.0 | ||
| 008 | 260225s9999||||xx |||||||||||||| ||und|| | ||
| 040 | _cfsic | ||
| 041 | _afre | ||
| 082 | _a302.2 | ||
| 100 |
_aGible willet _eAuteur |
||
| 245 | 0 | _aDe la communication a la télécommunication / | |
| 245 | 0 | _cGible willet | |
| 942 | _cكتاب | ||
| 999 |
_c33295 _d33295 |
||